Представление документа в формате RUSMARC

ПолеНазваниеЗначение
  Тип записи a
  Библиографический уровень m
001 Контрольный номер RU/SLIB/B/208713032
005 Дата корректировки 20201206203917.5
010 Индекс ISBN __
d Цена 12-00
101 Язык документа __
a Язык текста rus
c Язык оригинала rus
200 Заглавие и сведения об ответственности 1_
a Заглавие Край, ставший судьбой: К 20-летию Нефтеюганского района
e Сведения, относящиеся к заглавию буклет
f Первые сведения об ответственности В. Н. Сажин [и др.] ; худож.: А. Ю. Боднарь
b Общее обозначение материала Текст
210 Выходные данные __
a Место издания [Б. м.]
c Издательство Нефтеюг. тип.
d Дата издания 2000
215 Физическое описание __
a Объем 20 с.
c Иллюстрации/тип воспроизводства фотоил.
330 Аннотация __
a Аннотация Краткий рассказ о жизни Нефтеюганского района.
606 Тематические рубрики __
a Основная рубрика География
a Основная рубрика Краеведение
y Географическая подрубрика Тюменская область; Россия; ХМАО; Ханты-Мансийский автономный округ; Нефтеюганск; Нефтеюганский район
610 Ключевые слова __
a Ключевые слова история края; городская культура; рассказы; тема Родины; краеведческая литература
686 Индексы других классификаций __
a Классификационный индекс К26.89(2Рос-6Хан)
702 Вторичная интеллектуальная ответственность _1
a Фамилия Сажин
b Имя В. Н.
4 Код отношения Автор
4 Код отношения 070
702 Вторичная интеллектуальная ответственность _1
a Фамилия Боднарь
b Имя А. Ю.
4 Код отношения Художник
4 Код отношения 040
801 Источник записи _0
a Страна RU
b Организация Муниципальное бюджетное учреждение культуры "Централизованная библиотечная система" г. Сургут (Центральная городская библиотека им. А. С. Пушкина)
g Правила каталогизации КиК/Тесленко
801 Источник записи _1
a Страна RU
b Организация Муниципальное бюджетное учреждение культуры "Централизованная библиотечная система" г. Сургут (Центральная городская библиотека им. А. С. Пушкина)
g Правила каталогизации КиК/Тесленко
852 Данные о местонахождении __
j Шифр хранения К26.89(2Рос-6Хан)
i Авторский знак К 77
p Инвентарный номер Б/Н
901 Тип документа __
t Тип документа m
903 Характеристики (МАРС) __
a Дата передачи 20010609
969 Тип издания __
a Тип издания буклет
990 Данные о заказе (DOS) __
h N записи в КСУ для Б/У (DOS) 200105
j Количество экземпляров (DOS) 1